Capitales de l’Europe (mode difficile) - Statistiques

Statistiques générales
  • Ce quiz a été pris 106 fois
  • Le résultat moyen est 39 sur 47
Statistiques - réponses
Hint Réponse % Correct
Portugal Lisbonne
100%
Royaume-Uni Londres
100%
Espagne Madrid
100%
France Paris
100%
Italie Rome
100%
Allemagne Berlin
99%
Pays-Bas Amsterdam
97%
Grèce Athènes
97%
Suisse Berne
97%
Belgique Bruxelles
97%
Norvège Oslo
97%
Irlande Dublin
96%
Monaco Monaco
96%
Roumanie Bucarest
94%
Ukraine Kyiv
94%
Luxembourg Luxembourg
94%
Russie Moscou
94%
Hongrie Budapest
93%
Danemark Copenhague
93%
Vatican Cité du Vatican
91%
Suède Stockholm
91%
Pologne Varsovie
91%
Autriche Vienne
91%
République tchèque Prague
90%
Croatie Zagreb
90%
Finlande Helsinki
88%
Saint-Marin Saint-Marin
88%
Islande Reykjavik
87%
Bulgarie Sofia
87%
Turquie Ankara
86%
Andorre Andorre-la-Vieille
80%
Lettonie Riga
78%
Malte La Valette
75%
Biélorussie Minsk
75%
Serbie Belgrade
74%
Lituanie Vilnius
71%
Slovénie Ljubljana
70%
Bosnie-Herzégovine Sarajevo
68%
Chypre Nicosie
67%
Slovaquie Bratislava
65%
Estonie Tallinn
62%
Albanie Tirana
61%
Moldavie Chișinău
59%
Liechtenstein Vaduz
59%
Monténégro Podgorica
55%
Macédoine du Nord Skopje
55%
Kosovo Pristina
52%
Aucun quiz correspondant
Distribution des résultats
% des personnes avec chaque résultat
Percentile par nombre de réponses
Votre historique - résultats
Vous n’avez pas pris ce quiz